[Event "EU-ch Online U2300 Qual"]
[White "Stamos, Filippos"]
[Black "Brondt, Nicolai Kvist"]
[Site "Chess.com INT"]
[Round "7"]
[Result "0-1"]
[Date "2020.05.25"]
[WhiteElo "2152"]
[BlackElo "2223"]
[PlyCount "66"]
[EventDate "2020.05.25"]
[EventType "swiss"]
[EventRounds "8"]
[EventCountry "NET"]
[SourceTitle "EXT 2021"]
[Source "ChessBase"]
[SourceDate "2020.10.23"]
[SourceVersion "1"]
[SourceVersionDate "2020.10.23"]
[SourceQuality "1"]

1. d4 d5 2. c4 c6 3. Nf3 Nf6 4. Qc2 g6 5. Nc3 Bg7 6. Bf4 Bf5 7. Qb3 Qb6 8. Qxb6 axb6 9. cxd5 Nxd5 10. Nxd5 cxd5 11. e3 0-0 12. Bb5 Rc8 13. Nh4 Rc2 14. Nxf5 gxf5 15. 0-0 Rxb2 16. a4 Na6 17. Rfc1 e6 18. h3 Bf6 19. Rc3 Nc5 20. Rac1 Ne4 21. R3c2 Rxc2 22. Rxc2 Bd8 23. f3 Nf6 24. g4 fxg4 25. hxg4 h5 26. g5 Nh7 27. Rh2 Rc8 28. Rxh5 Rc2 29. Be8 Nf8 30. Rh2 Rc1+ 31. Kg2 Ng6 32. Kg3 Nxf4 33. Kxf4 Bc7+ 0-1

[Event "EU-ch Online U2300 Qual"]
[White "Stamos, Filippos"]
[Black "Bruessow, Jakob"]
[Site "Chess.com INT"]
[Round "4"]
[Result "1-0"]
[Date "2020.05.25"]
[WhiteElo "2152"]
[BlackElo "1739"]
[PlyCount "67"]
[EventDate "2020.05.25"]
[EventType "swiss"]
[EventRounds "8"]
[EventCountry "NET"]
[SourceTitle "EXT 2021"]
[Source "ChessBase"]
[SourceDate "2020.10.23"]
[SourceVersion "1"]
[SourceVersionDate "2020.10.23"]
[SourceQuality "1"]

1. d4 Nf6 2. c4 g6 3. Nc3 Bg7 4. e4 d6 5. Nf3 0-0 6. Be2 e5 7. d5 a5 8. Bg5 h6 9. Be3 Ng4 10. Bd2 f5 11. h3 Nf6 12. exf5 gxf5 13. Qc1 f4 14. g3 e4 15. Nh4 f3 16. Bd1 Kh7 17. Bc2 Qe7 18. Nxf3 Na6 19. Be3 Nb4 20. a3 Nd3+ 21. Bxd3 exd3 22. Qd2 Ne4 23. Qxd3 Bxc3+ 24. bxc3 Rxf3 25. Ke2 Rf7 26. g4 Kg8 27. Rag1 Qe5 28. g5 h5 29. g6 Rf8 30. g7 Rf7 31. f3 Ng3+ 32. Kd2 Nxh1 33. Qh7+ Kxh7 34. g8Q# 1-0

[Event "Novi Sad Serbian op"]
[White "Tica, Sven"]
[Black "Stamos, Filippos"]
[Site "Novi Sad"]
[Round "7"]
[Result "1-0"]
[Date "2016.11.11"]
[WhiteElo "2364"]
[BlackElo "2172"]
[PlyCount "101"]
[EventDate "2016.11.06"]
[EventType "swiss"]
[EventRounds "9"]
[EventCountry "SRB"]
[SourceTitle "CBM 175 Extra"]
[Source "ChessBase"]
[SourceDate "2016.12.12"]
[SourceVersion "1"]
[SourceVersionDate "2016.12.12"]
[SourceQuality "1"]

1. d4 Nf6 2. g3 e6 3. Bg2 d5 4. c4 Be7 5. Nf3 0-0 6. Qc2 c5 7. 0-0 cxd4 8. Nxd4 Nc6 9. Nxc6 bxc6 10. Rd1 Qb6 11. Nc3 Ba6 12. cxd5 cxd5 13. e4 dxe4 14. Be3 Bd3 15. Qxd3 exd3 16. Bxb6 axb6 17. Bxa8 Rxa8 18. Rxd3 g5 19. a3 Rc8 20. Re1 Kg7 21. Re5 Kg6 22. h4 gxh4 23. gxh4 Rc4 24. Rb5 Rxh4 25. Rxb6 Rg4+ 26. Kf1 Rf4 27. Rb5 Ng4 28. f3 Nh6 29. Ne2 Rc4 30. Rd4 Rc2 31. Ke1 Nf5 32. Rg4+ Kh6 33. Nd4 Nxd4 34. Rxd4 Bf6 35. Rd2 Rc4 36. Rb4 Rc1+ 37. Ke2 Kg5 38. Rd1 Rc2+ 39. Kd3 Rg2 40. Rd2 Rg3 41. Ke3 h5 42. Kf2 h4 43. a4 Be5 44. Rg4+ Rxg4 45. fxg4 f5 46. gxf5 exf5 47. a5 h3 48. a6 Bb8 49. Rd7 f4 50. Kf3 h2 51. Rh7 1-0

[Event "Novi Sad Serbian op"]
[White "Raja, Harshit"]
[Black "Stamos, Filippos"]
[Site "Novi Sad"]
[Round "5"]
[Result "1-0"]
[Date "2016.11.09"]
[WhiteElo "2319"]
[BlackElo "2172"]
[PlyCount "93"]
[EventDate "2016.11.06"]
[EventType "swiss"]
[EventRounds "9"]
[EventCountry "SRB"]
[SourceTitle "CBM 175 Extra"]
[Source "ChessBase"]
[SourceDate "2016.12.12"]
[SourceVersion "1"]
[SourceVersionDate "2016.12.12"]
[SourceQuality "1"]

1. e4 e5 2. Nf3 Nc6 3. Bb5 a6 4. Ba4 Nf6 5. 0-0 b5 6. Bb3 Bb7 7. d3 Be7 8. Nc3 0-0 9. a3 h6 10. Nd5 d6 11. Nxe7+ Nxe7 12. Nh4 d5 13. exd5 Bxd5 14. Bxd5 Qxd5 15. Re1 Rad8 16. Qf3 Nc6 17. Qg3 Nh5 18. Qg4 Nf6 19. Qg3 Nh5 20. Qh3 Qd6 21. Nf5 Qg6 22. Rxe5 Rde8 23. Rxe8 Rxe8 24. Be3 Ne5 25. Nh4 Qc6 26. Nf5 Qg6 27. Bd2 Ng4 28. Ne3 f5 29. Qf3 Rf8 30. Re1 c6 31. Nxg4 fxg4 32. Qe4 Qxe4 33. Rxe4 Nf6 34. Re6 Rc8 35. Bb4 Nd5 36. g3 Kf7 37. Rd6 h5 38. Rd7+ Kg8 39. Bc5 Rc7 40. Rd8+ Kf7 41. Ra8 Ke6 42. Rxa6 Rc8 43. Ra7 g6 44. c4 Nf6 45. Re7+ Kf5 46. Bd4 Re8 47. Bxf6 1-0

[Event "London Classic op 7th"]
[White "Kazmierczak, Ewa"]
[Black "Stamos, Filippos"]
[Site "London"]
[Round "1"]
[Result "0-1"]
[Date "2015.12.04"]
[WhiteElo "1599"]
[BlackElo "2164"]
[PlyCount "66"]
[EventDate "2015.12.04"]
[EventType "swiss"]
[EventRounds "9"]
[EventCountry "ENG"]
[SourceTitle "CBM 169 Extra"]
[Source "ChessBase"]
[SourceDate "2015.12.18"]
[SourceVersion "1"]
[SourceVersionDate "2015.12.18"]
[SourceQuality "1"]

1. e4 c5 2. Nf3 d6 3. d4 cxd4 4. Nxd4 Nf6 5. f3 e5 6. Nb3 a5 7. Be3 a4 8. N3d2 d5 9. Bb5+ Nc6 10. 0-0 d4 11. Bg5 Bc5 12. Nc4 h6 13. Bh4 Qe7 14. Kh1 0-0 15. c3 Rd8 16. Qe1 Be6 17. Nba3 dxc3 18. Bxf6 Qxf6 19. bxc3 Qe7 20. Bxc6 bxc6 21. Nxe5 Bxa3 22. Nxc6 Qc5 23. Nxd8 Rxd8 24. Rf2 Rb8 25. Rc2 Bb2 26. Rb1 a3 27. Qg3 Rd8 28. Qe1 Bxa2 29. Rd1 Rxd1 30. Qxd1 Kh7 31. Qd4 Qxd4 32. cxd4 Bb3 33. Rc7 a2 0-1

[Event "Nikaia op 23rd"]
[White "Koerant, Filipos"]
[Black "Stamos, Filippos"]
[Site "Nikaia"]
[Round "4"]
[Result "0-1"]
[Date "2015.08.30"]
[WhiteElo "1887"]
[BlackElo "2170"]
[PlyCount "66"]
[EventDate "2015.08.26"]
[EventType "swiss"]
[EventRounds "9"]
[EventCountry "GRE"]
[SourceTitle "EXT 2016"]
[Source "ChessBase"]
[SourceDate "2015.10.08"]
[SourceVersion "1"]
[SourceVersionDate "2015.10.08"]
[SourceQuality "1"]

1. d4 Nf6 2. c4 e6 3. Nc3 Bb4 4. e3 c5 5. Nge2 cxd4 6. exd4 0-0 7. a3 Be7 8. Nf4 d6 9. Bd3 Nc6 10. Be3 e5 11. dxe5 dxe5 12. Nfd5 Nxd5 13. Nxd5 f5 14. f4 exf4 15. Nxf4 Bh4+ 16. g3 Re8 17. Qd2 Nd4 18. Kf2 Nb3 19. Qc3 Nxa1 20. Nd5 Be6 21. Rxa1 Bxd5 22. cxd5 Bf6 23. Qb3 Be5 24. Bb5 f4 25. d6+ Kh8 26. Bxf4 Rf8 27. d7 Bxf4 28. gxf4 Rxf4+ 29. Kg2 a6 30. Re1 Rf8 31. Ba4 b5 32. Qd5 bxa4 33. Qd6 Qf6 0-1

[Event "GRE-ch U20 47th"]
[White "Stamoulas, Nikos"]
[Black "Stamos, Filippos"]
[Site "Kavala"]
[Round "7"]
[Result "0-1"]
[Date "2015.01.06"]
[WhiteElo "1965"]
[BlackElo "2130"]
[PlyCount "86"]
[EventDate "2015.01.02"]
[EventType "tourn"]
[EventRounds "9"]
[EventCountry "GRE"]
[SourceTitle "CBM 164 Extra"]
[Source "ChessBase"]
[SourceDate "2015.03.02"]
[SourceVersion "1"]
[SourceVersionDate "2015.03.02"]
[SourceQuality "1"]

1. e4 c5 2. Nf3 d6 3. d4 cxd4 4. Nxd4 Nf6 5. Nc3 Nc6 6. Be2 e5 7. Nb3 Be7 8. 0-0 0-0 9. Be3 a5 10. a4 Nb4 11. Nd5 Nbxd5 12. exd5 Bf5 13. c4 Nd7 14. f4 exf4 15. Bxf4 Qb6+ 16. Kh1 Bg6 17. Bd3 Bxd3 18. Qxd3 Bf6 19. Qh3 Rad8 20. Bd2 Qc7 21. Bxa5 b6 22. Bb4 Bxb2 23. Rab1 Be5 24. Nd2 Ra8 25. Ne4 Rxa4 26. Qd3 h6 27. Qb3 Raa8 28. Rf5 Nc5 29. Bxc5 bxc5 30. Rbf1 Ra1 31. Rxa1 Bxa1 32. Qg3 Be5 33. Qd3 Ra8 34. Rf1 Qe7 35. Ng3 g6 36. h3 Ra2 37. Qb3 Rb2 38. Qd3 Qg5 39. Rf3 h5 40. Qf1 Bxg3 41. Rxf7 Rb8 42. Ra7 Rf8 43. Qb1 Re8 0-1

[Event "GRE-ch U20 47th"]
[White "Stamos, Filippos"]
[Black "Pavlidis, Pavlos"]
[Site "Kavala"]
[Round "4"]
[Result "1-0"]
[Date "2015.01.04"]
[WhiteElo "2130"]
[BlackElo "1657"]
[PlyCount "103"]
[EventDate "2015.01.02"]
[EventType "tourn"]
[EventRounds "9"]
[EventCountry "GRE"]
[SourceTitle "CBM 164 Extra"]
[Source "ChessBase"]
[SourceDate "2015.03.02"]
[SourceVersion "1"]
[SourceVersionDate "2015.03.02"]
[SourceQuality "1"]

1. e4 c5 2. Nf3 Nc6 3. d4 cxd4 4. Nxd4 g6 5. Nc3 Bg7 6. Be3 Nf6 7. Bc4 Qa5 8. 0-0 0-0 9. Re1 Rd8 10. Nb3 Qc7 11. Bf1 a6 12. Bg5 Ne5 13. h3 d6 14. f4 Ned7 15. Qe2 Qb6+ 16. Kh2 Re8 17. Rad1 e5 18. Qc4 exf4 19. Bxf4 Ne5 20. Qd4 Nfg4+ 21. Kg3 Qxd4 22. Rxd4 Nc6 23. Rxd6 Nge5 24. Rd2 Be6 25. Nd5 Rad8 26. Red1 Bxd5 27. exd5 Ne7 28. Kh2 Nf5 29. d6 Nc6 30. c3 Be5 31. Bxe5 Rxe5 32. c4 Rd7 33. c5 Ne3 34. Rc1 Nxf1+ 35. Rxf1 Nb4 36. a3 Nd5 37. Rc1 Nf6 38. Rcc2 Ne4 39. Re2 f5 40. Re1 Rd5 41. Rec1 Kg7 42. Na5 Kf6 43. b4 Rd3 44. Nc4 g5 45. a4 Rb3 46. Rb2 Rxb2 47. Nxb2 Ke5 48. b5 axb5 49. axb5 Kd5 50. c6 bxc6 51. bxc6 Ra7 52. d7 1-0

[Event "London Classic op 6th"]
[White "Stamos, Filippos"]
[Black "Maisuradze, Nino"]
[Site "London"]
[Round "9"]
[Result "1/2-1/2"]
[Date "2014.12.14"]
[WhiteElo "2060"]
[BlackElo "2323"]
[PlyCount "44"]
[EventDate "2014.12.08"]
[EventType "swiss"]
[EventRounds "9"]
[EventCountry "ENG"]
[SourceTitle "CBM 163 Extra"]
[Source "ChessBase"]
[SourceDate "2014.12.23"]
[SourceVersion "1"]
[SourceVersionDate "2014.12.23"]
[SourceQuality "1"]

1. d4 Nf6 2. c4 c5 3. d5 e6 4. Nc3 exd5 5. cxd5 d6 6. e4 g6 7. h3 Bg7 8. Nf3 0-0 9. Bd3 Na6 10. 0-0 Nc7 11. Re1 Rb8 12. a4 a6 13. a5 b5 14. axb6 Rxb6 15. Nd2 Nb5 16. Nc4 Rb8 17. Bf4 Ne8 18. e5 dxe5 19. Nxe5 Nxc3 20. bxc3 Qxd5 21. Bc4 Qxd1 22. Raxd1 Bxe5 1/2-1/2

[Event "London Classic op 6th"]
[White "Stamos, Filippos"]
[Black "Buchicchio, Giampaolo"]
[Site "London"]
[Round "4"]
[Result "1-0"]
[Date "2014.12.11"]
[WhiteElo "2060"]
[BlackElo "2301"]
[PlyCount "73"]
[EventDate "2014.12.08"]
[EventType "swiss"]
[EventRounds "9"]
[EventCountry "ENG"]
[SourceTitle "CBM 163 Extra"]
[Source "ChessBase"]
[SourceDate "2014.12.23"]
[SourceVersion "1"]
[SourceVersionDate "2014.12.23"]
[SourceQuality "1"]

1. d4 d5 2. c4 c6 3. Nf3 Nf6 4. Nc3 a6 5. g3 dxc4 6. a4 Nd5 7. Bg2 Nxc3 8. bxc3 b5 9. Ne5 Bb7 10. axb5 axb5 11. Bf4 f6 12. Rxa8 Bxa8 13. Ng4 Nd7 14. Qc2 e6 15. 0-0 Be7 16. Ra1 Nb6 17. Ra7 Nd5 18. Bd2 0-0 19. Bh3 Kh8 20. e4 Nb6 21. Bf4 Bd6 22. Bxd6 Qxd6 23. e5 Qd8 24. Nxf6 Rxf6 25. Rxa8 Qxa8 26. exf6 Qe8 27. fxg7+ Kxg7 28. Qe4 Nd5 29. Bxe6 Nxc3 30. Qe5+ Kh6 31. h4 Qe7 32. g4 Nd5 33. g5+ Kg6 34. Qf5+ Kh5 35. f3 Ne3 36. Bf7+ Kxh4 37. Qf4+ 1-0

[Event "Wch U20 53rd"]
[White "Stamos, Filippos"]
[Black "Arjun, Satheesh"]
[Site "Pune"]
[Round "12"]
[Result "1/2-1/2"]
[Date "2014.10.18"]
[WhiteElo "2076"]
[BlackElo "2004"]
[PlyCount "70"]
[EventDate "2014.10.06"]
[EventType "swiss"]
[EventRounds "13"]
[EventCountry "IND"]
[SourceTitle "EXT 2015"]
[Source "ChessBase"]
[SourceDate "2014.11.20"]
[SourceVersion "1"]
[SourceVersionDate "2014.11.20"]
[SourceQuality "1"]

1. d4 Nf6 2. Nf3 g6 3. g3 Bg7 4. Bg2 0-0 5. 0-0 d6 6. a4 Nbd7 7. a5 a6 8. Nc3 e5 9. e4 Re8 10. Re1 c6 11. h3 Qc7 12. Be3 exd4 13. Nxd4 Ne5 14. Qe2 c5 15. Nb3 Be6 16. Nd5 Nxd5 17. exd5 Bd7 18. Nd2 f5 19. f4 Nf7 20. c3 Re7 21. Nf3 Rae8 22. Qd2 Bb5 23. Bf1 Bxf1 24. Kxf1 Qd7 25. Kf2 Qb5 26. Re2 Re4 27. Qc2 h6 28. b3 h5 29. Ree1 Bf6 30. c4 Qd7 31. Rad1 Qe7 32. Qd3 Qd8 33. Bd2 Qe7 34. Be3 Qd8 35. Bd2 Qe7 1/2-1/2

[Event "Wch U20 53rd"]
[White "Patil, Pratik"]
[Black "Stamos, Filippos"]
[Site "Pune"]
[Round "9"]
[Result "1-0"]
[Date "2014.10.15"]
[WhiteElo "2231"]
[BlackElo "2076"]
[PlyCount "59"]
[EventDate "2014.10.06"]
[EventType "swiss"]
[EventRounds "13"]
[EventCountry "IND"]
[SourceTitle "EXT 2015"]
[Source "ChessBase"]
[SourceDate "2014.11.20"]
[SourceVersion "1"]
[SourceVersionDate "2014.11.20"]
[SourceQuality "1"]

1. e4 c5 2. c3 d5 3. exd5 Qxd5 4. d4 Nf6 5. Nf3 Bg4 6. dxc5 Qxc5 7. Na3 a6 8. Be2 Nbd7 9. 0-0 e6 10. Qa4 Rd8 11. Rd1 Be7 12. Be3 Qc8 13. Bb6 0-0 14. Bxd8 Bxd8 15. Nd4 Bxe2 16. Nxe2 b5 17. Qf4 Bc7 18. Qh4 Ne5 19. Nc2 Ng6 20. Qh3 Bb6 21. Ne3 Qc5 22. Nd4 Nf4 23. Qf3 Qg5 24. h4 Qh6 25. Ndf5 exf5 26. Nxf5 Ne2+ 27. Qxe2 Qf4 28. Qf3 Qc4 29. Rd6 Bc5 30. Rxf6 1-0

[Event "Wch U20 53rd"]
[White "Stamos, Filippos"]
[Black "Saim, Mohamed Ilias"]
[Site "Pune"]
[Round "8"]
[Result "1-0"]
[Date "2014.10.14"]
[WhiteElo "2076"]
[BlackElo "2040"]
[PlyCount "93"]
[EventDate "2014.10.06"]
[EventType "swiss"]
[EventRounds "13"]
[EventCountry "IND"]
[SourceTitle "EXT 2015"]
[Source "ChessBase"]
[SourceDate "2014.11.20"]
[SourceVersion "1"]
[SourceVersionDate "2014.11.20"]
[SourceQuality "1"]

1. e4 d6 2. d4 Nf6 3. Nc3 e5 4. Nge2 Be7 5. g3 0-0 6. Bg2 c6 7. a4 a5 8. 0-0 Na6 9. h3 Nb4 10. Be3 Qc7 11. f4 Rd8 12. Qc1 Be6 13. b3 Ne8 14. g4 exf4 15. Nxf4 g6 16. Nxe6 fxe6 17. Qd2 Ng7 18. Nd1 e5 19. c3 Na6 20. Nf2 Rf8 21. g5 Ne6 22. Ng4 Kg7 23. h4 Rae8 24. Bh3 Bd8 25. Nf6 Bxf6 26. gxf6+ Kg8 27. Rad1 Kh8 28. Bh6 Rf7 29. dxe5 Nec5 30. Qxd6 Nxe4 31. Qxc7 Nxc7 32. Bg7+ Kg8 33. e6 Rxg7 34. fxg7 Nxe6 35. Rfe1 Nxg7 36. Bd7 Nxc3 37. Bxe8 Nxd1 38. Bxc6 bxc6 39. Rxd1 Nf5 40. Rd7 Nxh4 41. Ra7 h5 42. Rxa5 Kg7 43. Rc5 Nf3+ 44. Kf2 Nd4 45. b4 h4 46. a5 Nb3 47. a6 1-0

[Event "Wch U20 53rd"]
[White "Vandewiele, Emiel"]
[Black "Stamos, Filippos"]
[Site "Pune"]
[Round "7"]
[Result "1-0"]
[Date "2014.10.12"]
[WhiteElo "1882"]
[BlackElo "2076"]
[PlyCount "77"]
[EventDate "2014.10.06"]
[EventType "swiss"]
[EventRounds "13"]
[EventCountry "IND"]
[SourceTitle "EXT 2015"]
[Source "ChessBase"]
[SourceDate "2014.11.20"]
[SourceVersion "1"]
[SourceVersionDate "2014.11.20"]
[SourceQuality "1"]

1. c4 c5 2. Nc3 Nc6 3. g3 g6 4. Bg2 Bg7 5. d3 d6 6. e3 e5 7. Nge2 Nge7 8. 0-0 0-0 9. a3 a5 10. b3 Be6 11. Nd5 e4 12. Nxe7+ Qxe7 13. Rb1 exd3 14. Nf4 Bf5 15. Nd5 Qd8 16. Bb2 Re8 17. Bxg7 Kxg7 18. Rb2 a4 19. g4 Be6 20. bxa4 Ne5 21. Rxb7 Rb8 22. Rxb8 Qxb8 23. Qa1 Bxd5 24. Bxd5 Kg8 25. Qd1 Qd8 26. f4 Nd7 27. Qxd3 Qh4 28. g5 Rb8 29. Qe4 Qh3 30. Qe7 Qf5 31. Kh1 Rb1 32. Rxb1 Qxb1+ 33. Kg2 Qf5 34. Kg3 h5 35. h3 Kg7 36. a5 Nb8 37. Qf6+ Qxf6 38. gxf6+ Kxf6 39. Bb7 1-0

[Event "Wch U20 53rd"]
[White "Stamos, Filippos"]
[Black "Fisher, William"]
[Site "Pune"]
[Round "4"]
[Result "1/2-1/2"]
[Date "2014.10.09"]
[WhiteElo "2076"]
[BlackElo "2313"]
[PlyCount "29"]
[EventDate "2014.10.06"]
[EventType "swiss"]
[EventRounds "13"]
[EventCountry "IND"]
[SourceTitle "EXT 2015"]
[Source "ChessBase"]
[SourceDate "2014.11.20"]
[SourceVersion "1"]
[SourceVersionDate "2014.11.20"]
[SourceQuality "1"]

1. d4 Nf6 2. c4 c5 3. d5 e6 4. Nc3 exd5 5. cxd5 d6 6. e4 g6 7. h3 Bg7 8. Nf3 Nbd7 9. Bd3 0-0 10. 0-0 Nh5 11. Bg5 Bf6 12. Bh6 Bg7 13. Bg5 Bf6 14. Bh6 Bg7 15. Bg5 1/2-1/2

[Event "Wch U20 53rd"]
[White "Puranik, Abhimanyu Sameer"]
[Black "Stamos, Filippos"]
[Site "Pune"]
[Round "3"]
[Result "1-0"]
[Date "2014.10.08"]
[WhiteElo "2269"]
[BlackElo "2076"]
[PlyCount "137"]
[EventDate "2014.10.06"]
[EventType "swiss"]
[EventRounds "13"]
[EventCountry "IND"]
[SourceTitle "EXT 2015"]
[Source "ChessBase"]
[SourceDate "2014.11.20"]
[SourceVersion "1"]
[SourceVersionDate "2014.11.20"]
[SourceQuality "1"]

1. e4 c5 2. Nf3 Nc6 3. d4 cxd4 4. Nxd4 Nf6 5. Nc3 d6 6. Bg5 e6 7. Qd2 a6 8. 0-0-0 Bd7 9. f4 h6 10. Bh4 Nxe4 11. Qe1 Nf6 12. Nf5 Qa5 13. Nxd6+ Bxd6 14. Rxd6 Qc7 15. Qd2 0-0-0 16. Bxf6 gxf6 17. Ne4 Ne7 18. Nxf6 Bc6 19. Rd3 Kb8 20. Kb1 Ng6 21. Nh5 Be4 22. Rxd8+ Rxd8 23. Bd3 Bxd3 24. cxd3 Rd5 25. g4 Qd8 26. Rd1 Rd4 27. Qe3 Qd6 28. g5 hxg5 29. fxg5 Ne5 30. Nf6 Nc4 31. Qg3 Qxg3 32. hxg3 Ne3 33. Rd2 Nf1 34. Rf2 Nxg3 35. Kc2 Nf5 36. Rh2 Rh4 37. Rxh4 Nxh4 38. Nd7+ Kc7 39. Ne5 Kd6 40. Nxf7+ Kd5 41. Kc3 e5 42. Nh6 Ke6 43. Ng4 Kf5 44. Nf6 Kxg5 45. Ne4+ Kf4 46. Nc5 Ke3 47. Nxb7 Ng6 48. Nc5 Nf4 49. Kc4 a5 50. b3 Ng6 51. Nd7 e4 52. dxe4 Kxe4 53. Kb5 Kd5 54. Nb6+ Kd6 55. Nc4+ Kc7 56. a4 Nf4 57. Nxa5 Nd5 58. Kc5 Nc3 59. Kd4 Na2 60. Kc4 Kb6 61. b4 Nc1 62. Nb3 Ne2 63. a5+ Ka7 64. b5 Nf4 65. Nc5 Ng6 66. b6+ Kb8 67. a6 Ne5+ 68. Kd5 Nf7 69. Nd7+ 1-0

[Event "GRE-ch U20"]
[White "Stamos, Filippos"]
[Black "Tsironis, Alexandros"]
[Site "Thessaloniki"]
[Round "4"]
[Result "1-0"]
[Date "2014.01.05"]
[WhiteElo "2072"]
[BlackElo "1757"]
[PlyCount "51"]
[EventDate "2014.01.02"]
[EventType "swiss"]
[EventRounds "7"]
[EventCountry "GRE"]
[SourceTitle "EXT 2016"]
[Source "ChessBase"]
[SourceDate "2015.10.08"]
[SourceVersion "1"]
[SourceVersionDate "2015.10.08"]
[SourceQuality "1"]

1. d4 Nf6 2. Nf3 g6 3. g3 Bg7 4. Bg2 0-0 5. 0-0 d6 6. a4 Nc6 7. d5 Ne5 8. Nxe5 dxe5 9. a5 Rb8 10. c4 e6 11. Be3 b6 12. a6 Ng4 13. Bd2 e4 14. Bxe4 Bxb2 15. Ra2 Be5 16. Nc3 exd5 17. cxd5 f5 18. Bg2 f4 19. Ne4 Rf5 20. h3 fxg3 21. hxg4 Qh4 22. fxg3 Qxg4 23. Ra4 Rxf1+ 24. Qxf1 Qd7 25. Ra3 Qb5 26. Bf4 1-0

[Event "GRE-ch U20"]
[White "Pappelis, Dimitrios"]
[Black "Stamos, Filippos"]
[Site "Thessaloniki"]
[Round "3"]
[Result "1-0"]
[Date "2014.01.04"]
[WhiteElo "2080"]
[BlackElo "2072"]
[PlyCount "55"]
[EventDate "2014.01.02"]
[EventType "swiss"]
[EventRounds "7"]
[EventCountry "GRE"]
[SourceTitle "EXT 2016"]
[Source "ChessBase"]
[SourceDate "2015.10.08"]
[SourceVersion "1"]
[SourceVersionDate "2015.10.08"]
[SourceQuality "1"]

1. c4 e5 2. Nc3 Nf6 3. e3 Bb4 4. Qc2 c6 5. Nf3 Qe7 6. a3 Ba5 7. b4 Bc7 8. Bb2 0-0 9. Be2 a5 10. b5 d6 11. 0-0 Bg4 12. h3 Bh5 13. bxc6 bxc6 14. Nh4 Bxe2 15. Nf5 Qe6 16. Nxe2 Nbd7 17. f4 Rab8 18. Rab1 Rb7 19. fxe5 dxe5 20. Ba1 Rxb1 21. Rxb1 e4 22. Rf1 Ne5 23. Ned4 Qxc4 24. Qxc4 Nxc4 25. Nxc6 Nxa3 26. Nh6+ Kh8 27. Rxf6 Re8 28. Rxf7 1-0

[Event "GRE-ch U20"]
[White "Pavlidis, Pavlos"]
[Black "Stamos, Filippos"]
[Site "Thessaloniki"]
[Round "1"]
[Result "0-1"]
[Date "2014.01.02"]
[WhiteElo "1470"]
[BlackElo "2072"]
[PlyCount "76"]
[EventDate "2014.01.02"]
[EventType "swiss"]
[EventRounds "7"]
[EventCountry "GRE"]
[SourceTitle "EXT 2016"]
[Source "ChessBase"]
[SourceDate "2015.10.08"]
[SourceVersion "1"]
[SourceVersionDate "2015.10.08"]
[SourceQuality "1"]

1. e4 c5 2. Nf3 Nc6 3. d4 cxd4 4. Nxd4 Nf6 5. Nc3 e5 6. Ndb5 d6 7. Bg5 a6 8. Na3 Be6 9. Nd5 Bxd5 10. exd5 Qa5+ 11. c3 Qxd5 12. Qxd5 Nxd5 13. 0-0-0 Nc7 14. Nc4 f6 15. Be3 d5 16. Nb6 Rd8 17. g3 d4 18. cxd4 exd4 19. Bf4 Bd6 20. Bxd6 Rxd6 21. Bh3 Kf7 22. Rhe1 Rhd8 23. f4 Nb4 24. Nc8 Rc6+ 25. Kb1 Ne6 26. Bxe6+ Rxe6 27. Rxe6 Kxe6 28. Nb6 Nc6 29. Nc4 b5 30. Nd2 Kd5 31. a3 Re8 32. Nf3 Re2 33. Rd2 Rxd2 34. Nxd2 d3 35. b3 Nd4 36. Kb2 Ne2 37. b4 Kd4 38. Kb3 Ke3 0-1

[Event "Kavala op 22nd"]
[White "Stathopoulos, Ioannis"]
[Black "Stamos, Filippos"]
[Site "Kavala"]
[Round "3"]
[Result "1-0"]
[Date "2013.08.07"]
[WhiteElo "2248"]
[BlackElo "2048"]
[PlyCount "45"]
[EventDate "2013.08.06"]
[EventType "swiss"]
[EventRounds "9"]
[EventCountry "GRE"]
[SourceTitle "CBM 155 Extra"]
[Source "ChessBase"]
[SourceDate "2013.08.26"]
[SourceVersion "1"]
[SourceVersionDate "2013.08.26"]
[SourceQuality "1"]

1. d4 g6 2. c4 Bg7 3. e4 d6 4. Nc3 Nc6 5. Nge2 e5 6. Be3 exd4 7. Nxd4 Nge7 8. Qd2 0-0 9. Nxc6 bxc6 10. Bh6 f5 11. Bxg7 Kxg7 12. 0-0-0 fxe4 13. Nxe4 Nf5 14. h4 c5 15. h5 Qe8 16. Re1 Qe5 17. hxg6 Qd4 18. Rxh7+ Kxg6 19. Qxd4 Nxd4 20. Rxc7 Be6 21. Bd3 Bf5 22. g4 Bxg4 23. Nxd6+ 1-0

[Event "Rethymno op 5th"]
[White "Stamos, Filippos"]
[Black "Lekic, Dusan"]
[Site "Rethymno"]
[Round "5"]
[Result "0-1"]
[Date "2013.07.31"]
[WhiteElo "2060"]
[BlackElo "2430"]
[PlyCount "54"]
[EventDate "2013.07.28"]
[EventType "swiss"]
[EventRounds "9"]
[EventCountry "GRE"]
[SourceTitle "CBM 155 Extra"]
[Source "ChessBase"]
[SourceDate "2013.08.26"]
[SourceVersion "1"]
[SourceVersionDate "2013.08.26"]
[SourceQuality "1"]

1. e4 c5 2. Nf3 d6 3. d4 Nf6 4. Nc3 cxd4 5. Nxd4 Nc6 6. Bg5 e6 7. Qd2 a6 8. 0-0-0 Bd7 9. f3 h6 10. Be3 h5 11. Kb1 Be7 12. Nxc6 Bxc6 13. Bf4 d5 14. exd5 Nxd5 15. Nxd5 Qxd5 16. Qxd5 Bxd5 17. c4 Bc6 18. Be2 g5 19. Bd6 Rd8 20. Bxe7 Kxe7 21. Kc2 f5 22. Kc3 g4 23. b4 h4 24. fxg4 h3 25. Rxd8 hxg2 26. Rhd1 Rxd8 27. Rg1 f4 0-1

[Event "Paleochora op 6th"]
[White "Markidis, Konstantinos"]
[Black "Stamos, Filippos"]
[Site "Paleochora"]
[Round "5"]
[Result "1-0"]
[Date "2013.07.22"]
[WhiteElo "2376"]
[BlackElo "2060"]
[PlyCount "57"]
[EventDate "2013.07.19"]
[EventType "swiss"]
[EventRounds "9"]
[EventCountry "GRE"]
[SourceTitle "CBM 155 Extra"]
[Source "ChessBase"]
[SourceDate "2013.08.26"]
[SourceVersion "1"]
[SourceVersionDate "2013.08.26"]
[SourceQuality "1"]

1. e4 c5 2. Nf3 d6 3. Bb5+ Nd7 4. 0-0 a6 5. Bd3 Ngf6 6. c3 e5 7. Bc2 Be7 8. d4 0-0 9. a4 b6 10. Qe2 Bb7 11. d5 b5 12. h3 c4 13. Be3 Qb8 14. Nbd2 Rc8 15. Nh2 Nc5 16. f4 exf4 17. Bxf4 Re8 18. Ng4 Bc8 19. Nxf6+ Bxf6 20. axb5 axb5 21. Rxa8 Qxa8 22. Bxd6 Qxd5 23. exd5 Rxe2 24. Bxc5 Rxd2 25. Re1 Bd7 26. Ra1 Re2 27. Bf5 Be8 28. Ra8 g6 29. Bd7 1-0